[Event "IECC M email"]
[Site "IECC email"]
[Date "1998.12.05"]
[Round "?"]
[White "Blank, Brian"]
[Black "Carey, Mike"]
[Result "1/2-1/2"]
[WhiteElo "1407"]
[BlackElo "1265"]
[PlyCount "102"]
[EventDate "1998.??.??"]
[EventType "tourn (corr)"]
[EventRounds "12"]
[SourceTitle "Corr 2008"]
[Source "ChessBase"]
[SourceDate "2008.06.24"]
[SourceVersion "1"]
[SourceVersionDate "2008.06.24"]
[SourceQuality "1"]

1. e4 c5 2. d4 cxd4 3. Qxd4 Nc6 4. Qc4 d6 5. Nc3 g6 6. Nf3 Be6 7. Qb5 Qc8 8. Bc4 Bxc4 9. Qxc4 Bg7 10. Bd2 Nf6 11. Nd4 0-0 12. Nxc6 Qxc6 13. Qxc6 bxc6 14. 0-0 Rab8 15. Rab1 Rfd8 16. f3 Nd7 17. Nd1 Rb5 18. Bc3 Rdb8 19. Bxg7 Kxg7 20. b3 Nc5 21. Rf2 a5 22. Nc3 R5b7 23. Rd1 Ra8 24. a3 Ne6 25. Ne2 c5 26. Nc3 Nd4 27. a4 Rab8 28. Re1 e6 29. Rd2 g5 30. Nb5 Nxb5 31. axb5 Rd8 32. c4 Kf8 33. Ra1 Ra7 34. g3 f6 35. f4 g4 36. Kf2 Ke7 37. Rda2 Rda8 38. Ke3 e5 39. fxe5 fxe5 40. Rf1 a4 41. Rfa1 a3 42. Rf1 Rf8 43. Rf5 Rg8 44. Kd3 Raa8 45. Kc2 Rgf8 46. Kb1 Rxf5 47. exf5 Kf6 48. Rf2 e4 49. Rd2 Kxf5 50. Rd5+ Ke6 51. Ka2 h6 1/2-1/2